Porliting Night Shots (Record no. 233951)

MARC details
000 -LEADER
fixed length control field 00293pam a2200145 a 4500
020 ## - INTERNATIONAL STANDARD BOOK NUMBER
Terms of availability
041 ## - LANGUAGE CODE
Language code of original
082 ## - DEWEY DECIMAL CLASSIFICATION NUMBER
Item number 162
100 ## - MAIN ENTRY--PERSONAL NAME
Personal name R. Hicks/ F. Schultz.
245 ## - TITLE STATEMENT
Title Porliting Night Shots
250 ## - EDITION STATEMENT
Edition statement 1997.
260 ## - PUBLICATION, DISTRIBUTION, ETC.
Place of publication, distribution, etc. Pune:
Name of publisher, distributor, etc. Rptovision .
300 ## - PHYSICAL DESCRIPTION
Extent Paperback.
930 ## - EQUIVALENCE OR CROSS-REFERENCE-UNIFORM TITLE HEADING [LOCAL, CANADA]
Uniform title 161
Holdings
Withdrawn status Lost status Damaged status Not for loan Home library Current library Date acquired Source of acquisition Cost, normal purchase price Total Checkouts Full call number Barcode Date last seen Copy number Price effective from Koha item type
        College of Fine Arts, Pune College of Fine Arts, Pune 20/11/2013 Ms Chadrakant Book Distributors 955.00   162 FAP-162 07/03/2023 1 07/03/2023 Book